EISENHOWER:SOLDIER AND PRESIDENT (Record no. 215636)
[ view plain ]
| 000 -LEADER | |
|---|---|
| fixed length control field | 00380nam a22001457a 4500 |
| 008 - FIXED-LENGTH DATA ELEMENTS--GENERAL INFORMATION | |
| fixed length control field | 250609b |||||||| |||| 00| 0 eng d |
| 020 ## - INTERNATIONAL STANDARD BOOK NUMBER | |
| International Standard Book Number | 0-671-74758-4 |
| 050 ## - LIBRARY OF CONGRESS CALL NUMBER | |
| Classification number | E 836.A8281990 |
| 100 ## - MAIN ENTRY--PERSONAL NAME | |
| Personal name | AMBROSE STEPHEN E. |
| 245 ## - TITLE STATEMENT | |
| Title | EISENHOWER:SOLDIER AND PRESIDENT |
| 260 ## - PUBLICATION, DISTRIBUTION, ETC. | |
| Place of publication, distribution, etc. | NEWYORK |
| Name of publisher, distributor, etc. | SIMON AND SCHUSTER |
| Date of publication, distribution, etc. | 1990 |
| 300 ## - PHYSICAL DESCRIPTION | |
| Extent | X,635 |
| 942 ## - ADDED ENTRY ELEMENTS (KOHA) | |
| Source of classification or shelving scheme | Library of Congress Classification |
| Koha item type | Long Loan Book |
| Withdrawn status | Lost status | Source of classification or shelving scheme | Damaged status | Not for loan | Collection | Home library | Current library | Shelving location | Date acquired | Inventory number | Total checkouts | Full call number | Barcode | Date last seen | Copy number | Price effective from | Koha item type |
|---|---|---|---|---|---|---|---|---|---|---|---|---|---|---|---|---|---|
| Library of Congress Classification | Arts & Social Sciences | Kisii University Library | Kisii University Library | On Display | 06/09/2025 | 71712 | E 836.A828 1990 | 000000019206 | 06/09/2025 | 1 | 06/09/2025 | Long Loan Book |